[Event "España ch sub-16 2010"]
[Site "Linares ESP"]
[Date "2010.07.22"]
[Round "4.2"]
[White "Sanchez Ibern, Marc"]
[Black "Martinez Ramirez, Erik"]
[Result "1/2-1/2"]
[WhiteElo "2255"]
[BlackElo "2216"]
[PlyCount "44"]
[EventDate "2010.07.20"]
[EventType "swiss"]
[EventRounds "9"]
[EventCountry "ESP"]
[Source "lmi"]
[SourceDate "2010.07.20"]

1. d4 d5 2. c4 e6 3. Nc3 Nf6 4. Bg5 Nbd7 5. cxd5 exd5 6. e3 Bb4 7. Bd3 c5 8.
Nge2 cxd4 9. exd4 O-O 10. O-O Nb6 11. Bc2 Be7 12. Nf4 h6 13. Bxf6 Bxf6 14. Qf3
g6 15. Nfxd5 Nxd5 16. Nxd5 Bxd4 17. Rad1 Bg7 18. Rfe1 Qg5 19. Ne7+ Kh7 20. Nxc8
Raxc8 21. Bb3 Rc7 22. Bd5 Qf6 1/2-1/2

[Event "España ch sub-16 2010"]
[Site "Linares ESP"]
[Date "2010.07.22"]
[Round "4.3"]
[White "Cruz Lledo, Pablo"]
[Black "Segarra Martinez, Axel"]
[Result "1-0"]
[WhiteElo "2239"]
[BlackElo "1956"]
[PlyCount "103"]
[EventDate "2010.07.20"]
[EventType "swiss"]
[EventRounds "9"]
[EventCountry "ESP"]
[Source "lmi"]
[SourceDate "2010.07.20"]

1. d4 Nf6 2. c4 g6 3. Nc3 d5 4. Nf3 Bg7 5. Bg5 c6 6. e3 O-O 7. Be2 a6 8. O-O
dxc4 9. Bxc4 b5 10. Bd3 Nbd7 11. Ne4 Bb7 12. Rc1 Rc8 13. Bxf6 exf6 14. Nd6 Rb8
15. Nxb7 Rxb7 16. Rxc6 Qa5 17. Qb3 Rc7 18. Rxc7 Qxc7 19. a4 Rb8 20. axb5 axb5
21. Qc3 Qb7 22. Rc1 f5 23. Qa5 Qb6 24. Qxb6 Rxb6 25. Rc7 Nf8 26. Rc5 b4 27. Rc8
Bf6 28. Nd2 Kg7 29. Nc4 Ra6 30. Rc7 Ra1+ 31. Bf1 Ne6 32. Rb7 f4 33. Nd6 fxe3
34. fxe3 Bg5 35. Rxf7+ Kg8 36. Rf3 Rb1 37. Nc4 Nc7 38. g3 h5 39. Kf2 Nd5 40.
Bd3 Rc1 41. e4 Nf6 42. h3 Kg7 43. e5 Ne4+ 44. Bxe4 Rxc4 45. Rf7+ Kxf7 46. Bd5+
Ke7 47. Bxc4 Bc1 48. b3 g5 49. Kf3 Bd2 50. Ke4 h4 51. g4 Bc3 52. d5 1-0

[Event "España ch sub-16 2010"]
[Site "Linares ESP"]
[Date "2010.07.22"]
[Round "4.4"]
[White "Beltran, De Heredia E  Migue"]
[Black "Forcen Esteban, Daniel"]
[Result "0-1"]
[WhiteElo "2078"]
[BlackElo "2379"]
[PlyCount "121"]
[EventDate "2010.07.20"]
[EventType "swiss"]
[EventRounds "9"]
[EventCountry "ESP"]
[Source "lmi"]
[SourceDate "2010.07.20"]

1. e4 c5 2. Nf3 d6 3. d4 cxd4 4. Nxd4 Nf6 5. Nc3 a6 6. h3 e5 7. Nde2 h5 8. Bg5
Be7 9. Ng3 g6 10. Bc4 Nbd7 11. Qf3 b5 12. Bb3 Bb7 13. a3 Rc8 14. O-O Nc5 15.
Bxf6 Bxf6 16. Bd5 O-O 17. Rad1 Bxd5 18. Nxd5 Bg5 19. Ne2 Kg7 20. Ne3 Rc6 21. g3
Bh6 22. Nd5 Rc8 23. h4 Na4 24. b3 Nb6 25. c3 Nxd5 26. Rxd5 Qb6 27. Rfd1 Rcd8
28. Qd3 f5 29. Rf1 f4 30. Kh2 fxg3+ 31. Qxg3 Rf6 32. Rd3 Rdf8 33. f3 Qa5 34.
Kg2 Qxa3 35. b4 Qa2 36. Qf2 Qf7 37. Qb6 Qc4 38. Qb7+ R8f7 39. Qd5 Qc8 40. Ng1
g5 41. hxg5 Bxg5 42. Nh3 Bh4 43. Kh2 Rg6 44. Rg1 Rff6 45. Rdd1 Qe8 46. Qb7+ Kh6
47. Qxa6 Rxf3 48. Rxg6+ Qxg6 49. Qxd6 Bg3+ 50. Kh1 Rf1+ 51. Kg2 Rf6 52. Qd3 Qg4
53. Rf1 Rg6 54. Qf3 Bh4+ 55. Kh2 Bg3+ 56. Kg2 Qh4 57. Qf8+ Rg7 58. Qh8+ Kg6 59.
Qe8+ Kh7 60. Qc6 Bf4+ 61. Qg6+ 0-1

[Event "España ch sub-16 2010"]
[Site "Linares ESP"]
[Date "2010.07.22"]
[Round "4.5"]
[White "Tejedor Fuentes, Enrique"]
[Black "Alcaraz Ortega, Javier"]
[Result "1/2-1/2"]
[WhiteElo "2069"]
[BlackElo "2242"]
[PlyCount "38"]
[EventDate "2010.07.20"]
[EventType "swiss"]
[EventRounds "9"]
[EventCountry "ESP"]
[Source "lmi"]
[SourceDate "2010.07.20"]

1. e4 d5 2. exd5 Qxd5 3. Nc3 Qa5 4. d4 Nf6 5. Nf3 Bf5 6. Bc4 e6 7. Bd2 Bb4 8.
O-O Nc6 9. a3 Bxc3 10. Bxc3 Qb6 11. b4 O-O 12. Qe2 Bg4 13. Qe3 Bxf3 14. Qxf3
Nxd4 15. Qf4 Nf5 16. g4 Nd6 17. Bxf6 gxf6 18. Qxf6 Nxc4 19. Qg5+ Kh8 1/2-1/2

[Event "España ch sub-16 2010"]
[Site "Linares ESP"]
[Date "2010.07.22"]
[Round "4.6"]
[White "Perera Borrego, Mariela"]
[Black "Nieto De La Cruz, Julio"]
[Result "0-1"]
[WhiteElo "2068"]
[BlackElo "2208"]
[PlyCount "102"]
[EventDate "2010.07.20"]
[EventType "swiss"]
[EventRounds "9"]
[EventCountry "ESP"]
[Source "lmi"]
[SourceDate "2010.07.20"]

1. d4 g6 2. Nf3 Bg7 3. c3 d6 4. Bg5 Nd7 5. Nbd2 b6 6. e4 h6 7. Bh4 g5 8. Bg3
Bb7 9. Bc4 e6 10. Qc2 Ne7 11. O-O Ng6 12. e5 d5 13. Bd3 Ndf8 14. c4 g4 15. Qa4+
c6 16. Ne1 h5 17. f3 h4 18. Bf2 Bh6 19. Bxg6 Nxg6 20. cxd5 exd5 21. Nb1 g3 22.
hxg3 hxg3 23. Bxg3 Be3+ 24. Bf2 Qh4 25. Bxe3 O-O-O 26. Nd3 Rdg8 27. Qc2 Qh2+
28. Kf2 Nh4 29. Nd2 Rxg2+ 30. Ke1 Re2+ 31. Kd1 Rxe3 32. Nf2 Qg2 33. b4 Nxf3 34.
Qf5+ Kb8 35. e6 Qg3 36. exf7 Rf8 37. Nxf3 Qxf3+ 38. Qxf3 Rxf3 39. Ke2 R3xf7 40.
Nd3 Ba6 41. Rxf7 Rxf7 42. Kd2 Bxd3 43. Kxd3 Kb7 44. Ke3 Rh7 45. Kd3 Rh3+ 46.
Kd2 Ka6 47. Kc2 Kb5 48. Kb2 Rd3 49. a3 Rxd4 50. Rc1 Rc4 51. Rh1 a5 0-1

[Event "España ch sub-16 2010"]
[Site "Linares ESP"]
[Date "2010.07.22"]
[Round "4.7"]
[White "Navarrete Espi, Samuel"]
[Black "Aranaz Murillo, Amalia"]
[Result "1-0"]
[WhiteElo "2057"]
[BlackElo "2190"]
[PlyCount "68"]
[EventDate "2010.07.20"]
[EventType "swiss"]
[EventRounds "9"]
[EventCountry "ESP"]
[Source "lmi"]
[SourceDate "2010.07.20"]

1. e4 c6 2. d4 d5 3. Nc3 dxe4 4. Nxe4 Bf5 5. Ng3 Bg6 6. Nf3 Nd7 7. h4 h6 8. h5
Bh7 9. Bd3 Bxd3 10. Qxd3 e6 11. Bd2 Ngf6 12. O-O-O Be7 13. Kb1 O-O 14. Ne4 c5
15. g4 Nxg4 16. Qe2 Ngf6 17. Rhg1 Kh8 18. dxc5 Nxe4 19. Qxe4 Bf6 20. Bb4 Qc7
21. c6 bxc6 22. Bxf8 Rxf8 23. Nd2 Rb8 24. Nb3 a5 25. c3 c5 26. Qa4 Nb6 27. Qxa5
c4 28. Nd4 Ra8 29. Qb5 Na4 30. Ka1 Qf4 31. Qc6 Ra5 32. Qe8+ Kh7 33. Qxf7 Qxf2
34. Rxg7+ Kh8 1-0

[Event "España ch sub-16 2010"]
[Site "Linares ESP"]
[Date "2010.07.22"]
[Round "4.8"]
[White "Ladron De Guevara Pinto, Paolo"]
[Black "Molina Rodriguez, Borja"]
[Result "0-1"]
[WhiteElo "2188"]
[BlackElo "2036"]
[PlyCount "102"]
[EventDate "2010.07.20"]
[EventType "swiss"]
[EventRounds "9"]
[EventCountry "ESP"]
[Source "lmi"]
[SourceDate "2010.07.20"]

1. e4 c5 2. Nf3 Nc6 3. d4 cxd4 4. Nxd4 Nf6 5. Nc3 e5 6. Ndb5 d6 7. Bg5 a6 8.
Na3 b5 9. Nd5 Be7 10. Bxf6 Bxf6 11. c4 Nd4 12. Bd3 Rb8 13. O-O O-O 14. b3 Be6
15. Nc2 Nxc2 16. Qxc2 Bxd5 17. exd5 e4 18. Bxe4 Bxa1 19. Rxa1 h6 20. Rd1 Qb6
21. Bd3 Rfe8 22. g3 Rb7 23. cxb5 Rc7 24. Qd2 axb5 25. Qb4 Rb8 26. Re1 Qc5 27.
Qe4 g6 28. h4 h5 29. g4 hxg4 30. h5 g3 31. Re3 Qc1+ 32. Kg2 gxf2 33. Kxf2 Qb2+
34. Be2 Rf8 35. Kg2 Qc2 36. Kf3 Qxe4+ 37. Rxe4 Ra7 38. a4 bxa4 39. bxa4 Rc8 40.
Kf4 Rc5 41. hxg6 fxg6 42. Bb5 Rf7+ 43. Kg3 Kg7 44. Bc6 Rf5 45. Re7+ Kh6 46. Re6
Rc3+ 47. Kg2 Rc2+ 48. Kg3 Kg5 49. Rxd6 Rc3+ 50. Kg2 Rc2+ 51. Kg3 Rcf2 0-1

[Event "España ch sub-16 2010"]
[Site "Linares ESP"]
[Date "2010.07.22"]
[Round "4.9"]
[White "Meneses, Gonzalez Kevin Mois"]
[Black "Madurga Lopez, Ignacio"]
[Result "1-0"]
[WhiteElo "2172"]
[BlackElo "2024"]
[PlyCount "107"]
[EventDate "2010.07.20"]
[EventType "swiss"]
[EventRounds "9"]
[EventCountry "ESP"]
[Source "lmi"]
[SourceDate "2010.07.20"]

1. e4 c5 2. Nf3 d6 3. d4 cxd4 4. Nxd4 Nf6 5. Nc3 a6 6. Bg5 e6 7. Qf3 h6 8. Bh4
Be7 9. O-O-O Nbd7 10. Bd3 Qc7 11. Kb1 b5 12. e5 Bb7 13. Nxe6 fxe6 14. exf6 Bxf3
15. Bg6+ Kd8 16. fxe7+ Kc8 17. gxf3 Kb7 18. Ne4 d5 19. Bg3 Ne5 20. Bxe5 Qxe5
21. Nc5+ Kc6 22. Rhe1 Qg5 23. Rxe6+ Kxc5 24. e8=Q Rhxe8 25. Bxe8 Rc8 26. a3 a5
27. Rde1 Qg2 28. R1e2 b4 29. a4 Qxf3 30. Bb5 Qh1+ 31. Ka2 Qxh2 32. Rg6 Qh3 33.
Rxg7 b3+ 34. cxb3 Kb4 35. Rg3 Qf5 36. Rd3 Kc5 37. f4 Rd8 38. Rc3+ Kb4 39. Re7
Qxf4 40. Rb7 Rb8 41. Rd7 Qe5 42. Bc6 Rb6 43. Rxd5 Qxc3 44. bxc3+ Kxc3 45. Rc5+
Kd4 46. Rc4+ Ke3 47. Ka3 h5 48. Bh1 Rg6 49. Rc5 h4 50. Rxa5 Rg1 51. Bb7 Kd4 52.
Kb4 Rg8 53. Rd5+ Ke3 54. a5 1-0

[Event "España ch sub-16 2010"]
[Site "Linares ESP"]
[Date "2010.07.22"]
[Round "4.10"]
[White "Montanes Arribas, Adrian"]
[Black "Nicolas Zapata, Irene"]
[Result "1/2-1/2"]
[WhiteElo "2155"]
[BlackElo "1962"]
[PlyCount "119"]
[EventDate "2010.07.20"]
[EventType "swiss"]
[EventRounds "9"]
[EventCountry "ESP"]
[Source "lmi"]
[SourceDate "2010.07.20"]

1. e4 c5 2. Nf3 d6 3. d4 cxd4 4. Nxd4 Nf6 5. Nc3 g6 6. Be3 Bg7 7. f3 Nc6 8. Qd2
O-O 9. O-O-O d5 10. exd5 Nxd5 11. Nxc6 bxc6 12. Bd4 Bxd4 13. Qxd4 Qb6 14. Na4
Qa5 15. b3 Qc7 16. g3 Nb6 17. Nc5 a5 18. a4 Bf5 19. Bd3 Rfd8 20. Qf2 Qe5 21.
Rhe1 Qc3 22. Kb1 Bxd3 23. Rxd3 Rxd3 24. Nxd3 Rb8 25. Kc1 Nd5 26. Qc5 Rxb3 27.
Qxc3 Rxc3 28. Kb2 Rc4 29. Re4 Rxe4 30. fxe4 Nf6 31. Nc5 Kf8 32. Nb7 Ke8 33.
Nxa5 Kd7 34. Kc3 Nxe4+ 35. Kd4 f5 36. Nc4 Ke6 37. Ne3 Kd6 38. Nc4+ Ke6 39. Ne3
c5+ 40. Kd3 Kd6 41. Nc4+ Kc6 42. Ne5+ Kb6 43. Kc4 Ka5 44. Nc6+ Kxa4 45. Nxe7
Ka3 46. Nd5 Kb2 47. c3 Kc2 48. Nb6 Kd2 49. Nd7 Nxc3 50. Kxc5 Ne4+ 51. Kd4 Ke2
52. Nf8 Kf3 53. Nxh7 Nxg3 54. hxg3 Kxg3 55. Ke3 f4+ 56. Ke2 f3+ 57. Kf1 Kf4 58.
Kf2 Kg4 59. Nf8 g5 60. Ne6 1/2-1/2

[Event "España ch sub-16 2010"]
[Site "Linares ESP"]
[Date "2010.07.22"]
[Round "4.11"]
[White "Villasenor Rubio, Emilio Jose"]
[Black "Montoliu Cervero, Francisco"]
[Result "1/2-1/2"]
[WhiteElo "2045"]
[BlackElo "2153"]
[PlyCount "58"]
[EventDate "2010.07.20"]
[EventType "swiss"]
[EventRounds "9"]
[EventCountry "ESP"]
[Source "lmi"]
[SourceDate "2010.07.20"]

1. e4 c5 2. Nf3 d6 3. d4 cxd4 4. Nxd4 Nf6 5. Nc3 g6 6. Be3 Bg7 7. Bc4 O-O 8. f3
Nc6 9. Bb3 Bd7 10. h4 h6 11. Qd2 Kh7 12. O-O-O Qa5 13. Kb1 Rab8 14. g4 b5 15.
h5 g5 16. Nf5 Bxf5 17. gxf5 Ne5 18. Qf2 Rfc8 19. Bxa7 Rxc3 20. bxc3 Nc4 21.
Bxc4 bxc4+ 22. Bxb8 Nxe4 23. fxe4 Bxc3 24. Rd5 Qb4+ 25. Kc1 Qb2+ 26. Kd1 Qb1+
27. Ke2 Qxh1 28. Ke3 Qc1+ 29. Ke2 Qh1 1/2-1/2

[Event "España ch sub-16 2010"]
[Site "Linares ESP"]
[Date "2010.07.22"]
[Round "4.12"]
[White "Navarro Molina, David"]
[Black "Rodriguez Lapetra, Pablo"]
[Result "1-0"]
[WhiteElo "2012"]
[BlackElo "2138"]
[PlyCount "55"]
[EventDate "2010.07.20"]
[EventType "swiss"]
[EventRounds "9"]
[EventCountry "ESP"]
[Source "lmi"]
[SourceDate "2010.07.20"]

1. d4 Nf6 2. c4 g6 3. Nc3 d5 4. cxd5 Nxd5 5. e4 Nxc3 6. bxc3 Bg7 7. Be3 c5 8.
Qd2 Qa5 9. Rc1 O-O 10. Nf3 Rd8 11. d5 e6 12. Bg5 f6 13. Bf4 Nc6 14. Be2 Qa4 15.
c4 Nb4 16. O-O Qxa2 17. Qe3 Qa5 18. e5 f5 19. Bg5 Re8 20. d6 Qb6 21. h4 Qc6 22.
h5 a5 23. hxg6 Qe4 24. gxh7+ Kxh7 25. Qd2 Bd7 26. Rfe1 a4 27. Bf6 Bh6 28. Ng5+
1-0

[Event "España ch sub-16 2010"]
[Site "Linares ESP"]
[Date "2010.07.22"]
[Round "4.13"]
[White "Pardo Simon, David"]
[Black "Gomez Dieguez, David"]
[Result "1/2-1/2"]
[WhiteElo "2354"]
[BlackElo "1882"]
[PlyCount "97"]
[EventDate "2010.07.20"]
[EventType "swiss"]
[EventRounds "9"]
[EventCountry "ESP"]
[Source "lmi"]
[SourceDate "2010.07.20"]

1. e4 e5 2. Nf3 Nc6 3. Bb5 f5 4. d3 fxe4 5. dxe4 Nf6 6. O-O Bc5 7. Bxc6 bxc6 8.
Nxe5 O-O 9. Nd2 d6 10. Nd3 Bb6 11. h3 Qe8 12. Qe2 Nh5 13. Kh2 Ba6 14. c4 d5 15.
b3 Bd4 16. Rb1 Bc3 17. Ba3 Nf4 18. Nxf4 Rxf4 19. Qe3 Bxd2 20. Qxd2 Rxe4 21. Qa5
Qe5+ 22. f4 Rxf4 23. Bb2 Qd6 24. c5 Ra4+ 25. cxd6 Rxa5 26. Rfe1 cxd6 27. Re7 d4
28. Bxd4 Rg5 29. Rbe1 c5 30. Ba1 d5 31. h4 Rg6 32. Rc7 d4 33. Rxc5 Rd8 34. h5
Rgd6 35. Rc7 R8d7 36. Rc5 g6 37. Rce5 Kf7 38. h6 Rd5 39. R5e4 d3 40. Re6 R5d6
41. Rxd6 Rxd6 42. Bc3 g5 43. Bd2 Rxh6+ 44. Kg3 Rg6 45. Re5 h6 46. b4 Bc4 47. a4
Re6 48. Rc5 Bb3 49. Rc3 1/2-1/2

[Event "España ch sub-16 2010"]
[Site "Linares ESP"]
[Date "2010.07.22"]
[Round "4.14"]
[White "Garcia De Lomas Guerrero, Carlo"]
[Black "Suarez Uriel, Adrian"]
[Result "0-1"]
[WhiteElo "1915"]
[BlackElo "2157"]
[PlyCount "102"]
[EventDate "2010.07.20"]
[EventType "swiss"]
[EventRounds "9"]
[EventCountry "ESP"]
[Source "lmi"]
[SourceDate "2010.07.20"]

1. e4 c5 2. Nc3 Nc6 3. f4 g6 4. Nf3 Bg7 5. Bb5 Nd4 6. O-O Nxb5 7. Nxb5 Nf6 8.
d3 O-O 9. Qe1 a6 10. Nc3 e6 11. f5 exf5 12. Qh4 Ng4 13. Qxd8 Rxd8 14. exf5 d5
15. h3 Ne5 16. Nxe5 Bxe5 17. fxg6 hxg6 18. Bf4 Bd4+ 19. Kh1 b5 20. Rab1 Bb7 21.
Bg5 Re8 22. Bf6 Bxf6 23. Rxf6 d4 24. Ne4 Bxe4 25. dxe4 Rxe4 26. Rbf1 Ra7 27.
Kh2 c4 28. Kg3 Rd7 29. Rxa6 d3 30. cxd3 cxd3 31. Rd1 Re2 32. Kf3 Rxb2 33. Ra3
d2 34. Ke2 Rd5 35. Rd3 Rxd3 36. Kxd3 Rxa2 37. Kc3 Ra7 38. Kb4 Re7 39. Rxd2 Re5
40. Rc2 Kg7 41. Rf2 f5 42. Ra2 Kh6 43. Rf2 Kg5 44. Rf3 Kh4 45. Rf2 g5 46. Rf3
f4 47. Ra3 Re2 48. Kxb5 Rxg2 49. Kc4 Rg3 50. Ra2 Kxh3 51. Kd4 Re3 0-1

[Event "España ch sub-16 2010"]
[Site "Linares ESP"]
[Date "2010.07.22"]
[Round "4.15"]
[White "Urriza Iricibar, Pablo"]
[Black "Quintin Navarro, Alberto"]
[Result "1-0"]
[WhiteElo "1905"]
[BlackElo "2139"]
[PlyCount "67"]
[EventDate "2010.07.20"]
[EventType "swiss"]
[EventRounds "9"]
[EventCountry "ESP"]
[Source "lmi"]
[SourceDate "2010.07.20"]

1. e4 c5 2. Nf3 d6 3. d4 cxd4 4. Nxd4 Nf6 5. Nc3 g6 6. f3 Bg7 7. Be3 O-O 8. Bc4
Nc6 9. Qd2 Bd7 10. O-O-O Rc8 11. Bb3 Ne5 12. g4 Rc5 13. h4 h5 14. gxh5 Nxh5 15.
Bh6 b5 16. Bxg7 Kxg7 17. Rhg1 Nc4 18. Bxc4 bxc4 19. Rg5 Qa5 20. Rdg1 Rb8 21.
Nf5+ Bxf5 22. Rxh5 Rh8 23. Rxh8 Kxh8 24. exf5 Rxf5 25. Rg5 Kg8 26. a3 Qe5 27.
Kb1 e6 28. Rxf5 Qxf5 29. Qxd6 Qxf3 30. Qd8+ Kh7 31. Qd4 Qf1+ 32. Ka2 a5 33. Ne4
Qe2 34. Ng5+ 1-0

[Event "España ch sub-16 2010"]
[Site "Linares ESP"]
[Date "2010.07.22"]
[Round "5.1"]
[White "Anton Guijarro, David"]
[Black "Cruz Lledo, Pablo"]
[Result "1-0"]
[WhiteElo "2397"]
[BlackElo "2239"]
[PlyCount "47"]
[EventDate "2010.07.20"]
[EventType "swiss"]
[EventRounds "9"]
[EventCountry "ESP"]
[Source "lmi"]
[SourceDate "2010.07.20"]

1. e4 c5 2. Nf3 d6 3. d4 cxd4 4. Nxd4 Nf6 5. Nc3 a6 6. Rg1 e6 7. g4 Be7 8. g5
Nfd7 9. a4 Nc6 10. h4 O-O 11. Be3 Nxd4 12. Qxd4 b6 13. h5 Bb7 14. g6 Bf6 15.
gxf7+ Kxf7 16. Qxd6 Be5 17. Qb4 Qc7 18. Bh3 Rac8 19. O-O-O Nf6 20. Bd4 Bxe4 21.
Bxe5 Qxe5 22. Nxe4 Qf4+ 23. Kb1 Qxe4 24. Rd7+ 1-0

[Event "España ch sub-16 2010"]
[Site "Linares ESP"]
[Date "2010.07.22"]
[Round "5.2"]
[White "Forcen Esteban, Daniel"]
[Black "Meneses, Gonzalez Kevin Mois"]
[Result "0-1"]
[WhiteElo "2379"]
[BlackElo "2172"]
[PlyCount "80"]
[EventDate "2010.07.20"]
[EventType "swiss"]
[EventRounds "9"]
[EventCountry "ESP"]
[Source "lmi"]
[SourceDate "2010.07.20"]

1. e4 c5 2. Nf3 d6 3. d4 cxd4 4. Nxd4 Nf6 5. Nc3 a6 6. h3 e6 7. g4 d5 8. Nde2
Bb4 9. Bg2 O-O 10. exd5 Nxd5 11. O-O Nxc3 12. Nxc3 Qc7 13. Qf3 Nc6 14. Rd1 Bd6
15. Ne4 Bh2+ 16. Kh1 Be5 17. Be3 Bd7 18. Bc5 f5 19. gxf5 Rxf5 20. Qb3 Na5 21.
Qb4 Nc6 22. Qa3 Rd8 23. Nd6 Bxb2 24. Qxb2 Rxc5 25. Qxb7 Ne5 26. Qb4 Rf8 27. Qd4
Bc6 28. Ne4 Rc4 29. Qe3 Bxe4 30. Bxe4 Rc3 31. Rd3 Nxd3 32. cxd3 Qc5 33. Kg2
Rxf2+ 34. Kxf2 Rc2+ 35. Kf3 Qh5+ 36. Kg3 Qe5+ 37. Qf4 Qxa1 38. Qb8+ Kf7 39.
Bxh7 Qe1+ 40. Kf3 Qe2+ 0-1

[Event "España ch sub-16 2010"]
[Site "Linares ESP"]
[Date "2010.07.22"]
[Round "5.3"]
[White "Molina Rodriguez, Borja"]
[Black "Sanchez Ibern, Marc"]
[Result "0-1"]
[WhiteElo "2036"]
[BlackElo "2255"]
[PlyCount "80"]
[EventDate "2010.07.20"]
[EventType "swiss"]
[EventRounds "9"]
[EventCountry "ESP"]
[Source "lmi"]
[SourceDate "2010.07.20"]

1. e4 c5 2. Nf3 d6 3. d4 Nf6 4. Nc3 cxd4 5. Nxd4 Nc6 6. Bg5 Bd7 7. Qd2 a6 8.
O-O-O e6 9. f4 h6 10. Bh4 g5 11. fxg5 Ng4 12. Nxc6 Bxc6 13. Be2 Ne5 14. g3 Ng6
15. Rhf1 Nxh4 16. gxh4 hxg5 17. hxg5 Be7 18. Kb1 Bxg5 19. Qd4 Rh7 20. Nd5 Bxd5
21. exd5 e5 22. Qe4 Rh6 23. Bg4 Ke7 24. Rf2 Kf8 25. Rdf1 Bf4 26. Qf5 Qf6 27.
Qd7 Qe7 28. Qf5 Rd8 29. h3 Qf6 30. Qe4 Re8 31. Rf3 Qg6 32. Bf5 Qg5 33. Rc3 Rh5
34. Bd7 Re7 35. Rc7 f5 36. Qb4 Qg2 37. Rd1 Qf3 38. Rg1 Rg5 39. Qe1 Reg7 40. Rf1
Qxf1 0-1

[Event "España ch sub-16 2010"]
[Site "Linares ESP"]
[Date "2010.07.22"]
[Round "5.4"]
[White "Martinez Ramirez, Erik"]
[Black "Navarrete Espi, Samuel"]
[Result "1-0"]
[WhiteElo "2216"]
[BlackElo "2057"]
[PlyCount "89"]
[EventDate "2010.07.20"]
[EventType "swiss"]
[EventRounds "9"]
[EventCountry "ESP"]
[Source "lmi"]
[SourceDate "2010.07.20"]

1. e4 e5 2. Nf3 d6 3. d4 exd4 4. Nxd4 Nf6 5. Nc3 Be7 6. g3 O-O 7. Bg2 Re8 8.
O-O Bf8 9. h3 c6 10. Be3 d5 11. exd5 Nxd5 12. Nxd5 cxd5 13. Qf3 Be6 14. c4 Nc6
15. Nxe6 fxe6 16. cxd5 exd5 17. Qxd5+ Qxd5 18. Bxd5+ Kh8 19. Bxc6 bxc6 20. Rac1
c5 21. Rc4 Rab8 22. b3 Rb4 23. Rfc1 Rxc4 24. Rxc4 Rc8 25. b4 Kg8 26. bxc5 Kf7
27. c6 Ke6 28. Bxa7 Kd5 29. Rd4+ Kxc6 30. Rc4+ Kb7 31. Rxc8 Kxc8 32. Bd4 Kb7
33. Kg2 Kc6 34. Kf3 Kd5 35. Ke3 g6 36. g4 Ba3 37. Kd3 Bd6 38. a4 Bc7 39. f3 g5
40. Be3 h6 41. Bd4 Bd8 42. Bg7 Ke6 43. Ke4 Kf7 44. Bxh6 Be7 45. Kf5 1-0

[Event "España ch sub-16 2010"]
[Site "Linares ESP"]
[Date "2010.07.22"]
[Round "5.5"]
[White "Nieto De La Cruz, Julio"]
[Black "Navarro Molina, David"]
[Result "1-0"]
[WhiteElo "2208"]
[BlackElo "2012"]
[PlyCount "49"]
[EventDate "2010.07.20"]
[EventType "swiss"]
[EventRounds "9"]
[EventCountry "ESP"]
[Source "lmi"]
[SourceDate "2010.07.20"]

1. d4 Nf6 2. c4 e6 3. Nc3 Bb4 4. e3 c5 5. Nge2 b6 6. a3 Ba5 7. Rb1 Na6 8. Bd2
Bxc3 9. Nxc3 O-O 10. Bd3 Bb7 11. O-O Ne8 12. d5 d6 13. f4 exd5 14. cxd5 f5 15.
e4 Nac7 16. exf5 Kh8 17. Qf3 Nf6 18. Rbe1 Qd7 19. g4 Ncxd5 20. Qh3 Nxc3 21.
Bxc3 d5 22. Be5 Qf7 23. g5 Ne4 24. g6 Qg8 25. Rxe4 1-0

[Event "España ch sub-16 2010"]
[Site "Linares ESP"]
[Date "2010.07.22"]
[Round "5.6"]
[White "Alcaraz Ortega, Javier"]
[Black "Shatko, Danil"]
[Result "1/2-1/2"]
[WhiteElo "2242"]
[BlackElo "2011"]
[PlyCount "122"]
[EventDate "2010.07.20"]
[EventType "swiss"]
[EventRounds "9"]
[EventCountry "ESP"]
[Source "lmi"]
[SourceDate "2010.07.20"]

1. c4 Nf6 2. Nf3 e6 3. g3 d5 4. d4 c6 5. Bg2 Bd6 6. Qc2 Ne4 7. O-O Nd7 8. b3
Qe7 9. Bb2 f5 10. Ne5 O-O 11. Nd2 Qf6 12. Ndf3 Ng5 13. Nxg5 Qxg5 14. e3 Qe7 15.
Nd3 Nf6 16. Rae1 Bd7 17. f3 h5 18. Ne5 Bxe5 19. dxe5 Nh7 20. Qc1 b5 21. e4 fxe4
22. fxe4 Rxf1+ 23. Rxf1 Qc5+ 24. Kh1 dxc4 25. bxc4 bxc4 26. Rd1 Be8 27. Qc3 Rb8
28. Ba3 Qb5 29. h4 Bg6 30. Kh2 Nf8 31. Rd4 Rc8 32. Rxc4 Nd7 33. Bd6 Nb6 34. Rc5
Qe2 35. Qc2 Qa6 36. Rc3 Nd7 37. Ra3 Qb7 38. Rb3 Nb6 39. Qc5 Qa6 40. Qf2 Qc4 41.
Re3 Qd4 42. Qe1 Nc4 43. Rc3 Nxd6 44. exd6 Qxd6 45. e5 Qd7 46. Qc1 Be8 47. Qc2
Qd4 48. Rc5 Rb8 49. Qc4 Qxc4 50. Rxc4 Rb5 51. Bxc6 Bxc6 52. Rxc6 Rxe5 53. Ra6
Re2+ 54. Kg1 e5 55. Rxa7 e4 56. Kf1 Rc2 57. a4 e3 58. a5 Ra2 59. a6 Kh7 60. Ra8
Kg6 61. a7 Kh7 1/2-1/2

[Event "España ch sub-16 2010"]
[Site "Linares ESP"]
[Date "2010.07.22"]
[Round "5.7"]
[White "Nicolas Zapata, Irene"]
[Black "Vazquez Torres, Adrian"]
[Result "1-0"]
[WhiteElo "1962"]
[BlackElo "2210"]
[PlyCount "113"]
[EventDate "2010.07.20"]
[EventType "swiss"]
[EventRounds "9"]
[EventCountry "ESP"]
[Source "lmi"]
[SourceDate "2010.07.20"]

1. d4 d5 2. Nf3 Nf6 3. g3 g6 4. Bg2 Bg7 5. c4 dxc4 6. O-O O-O 7. Nbd2 Nc6 8.
Nxc4 Bf5 9. e3 Be4 10. b3 Nb4 11. Ba3 Nfd5 12. Qd2 c5 13. Rac1 Nd3 14. Rcd1 b5
15. Nce5 c4 16. bxc4 bxc4 17. Nxc4 Rc8 18. Nfe5 Nxe5 19. Nxe5 Rc2 20. Qe1 Bxg2
21. Kxg2 Rxa2 22. Ra1 Rc2 23. Rc1 Qc7 24. Nf3 Bh6 25. Rxc2 Qxc2 26. Kg1 Qe4 27.
Kg2 Rb8 28. Qe2 Nc3 29. Qc4 Nb1 30. Bb4 Rb6 31. Kg1 Rc6 32. Qb5 Nc3 33. Bxc3
Qxf3 34. Qb8+ Kg7 35. Qe5+ Qf6 36. Qa5 Ra6 37. Qb4 Qd6 38. Qxd6 Rxd6 39. Ra1
Rd7 40. Bb4 Kf6 41. Bc5 e5 42. Bxa7 exd4 43. Bxd4+ Ke6 44. h4 f5 45. Ra6+ Rd6
46. Ra8 Rd7 47. Kg2 Bg7 48. Ra6+ Kd5 49. Bxg7 Rxg7 50. h5 gxh5 51. Rh6 Ke5 52.
Rxh5 Rf7 53. g4 Ke4 54. gxf5 Rg7+ 55. Kf1 Kf3 56. f6 Ra7 57. Rf5+ 1-0

[Event "España ch sub-16 2010"]
[Site "Linares ESP"]
[Date "2010.07.22"]
[Round "5.8"]
[White "Suarez Uriel, Adrian"]
[Black "Urriza Iricibar, Pablo"]
[Result "1-0"]
[WhiteElo "2157"]
[BlackElo "1905"]
[PlyCount "43"]
[EventDate "2010.07.20"]
[EventType "swiss"]
[EventRounds "9"]
[EventCountry "ESP"]
[Source "lmi"]
[SourceDate "2010.07.20"]

1. e4 c5 2. Ne2 d6 3. g3 Nc6 4. Bg2 g6 5. c3 Bg7 6. d4 cxd4 7. cxd4 Nf6 8. Nbc3
O-O 9. O-O Bd7 10. Kh1 a6 11. f4 Bg4 12. Be3 Rc8 13. Rc1 Na5 14. b3 h5 15. h3
Bxe2 16. Qxe2 Nd7 17. e5 dxe5 18. dxe5 Re8 19. Rfd1 e6 20. Ne4 Rxc1 21. Bxc1
Qe7 22. Qd2 1-0

[Event "España ch sub-16 2010"]
[Site "Linares ESP"]
[Date "2010.07.22"]
[Round "5.9"]
[White "Jareno Badenas, Aleix"]
[Black "Montanes Arribas, Adrian"]
[Result "1/2-1/2"]
[WhiteElo "1967"]
[BlackElo "2155"]
[PlyCount "85"]
[EventDate "2010.07.20"]
[EventType "swiss"]
[EventRounds "9"]
[EventCountry "ESP"]
[Source "lmi"]
[SourceDate "2010.07.20"]

1. e4 c5 2. Nc3 d6 3. d4 cxd4 4. Qxd4 a6 5. Bg5 Nc6 6. Qd2 Nf6 7. O-O-O e6 8.
f4 h6 9. Bh4 Nxe4 10. Nxe4 Qxh4 11. Nxd6+ Bxd6 12. Qxd6 Qe7 13. Nf3 Qxd6 14.
Rxd6 Ke7 15. Rd2 b5 16. Be2 Bb7 17. Rhd1 Rhd8 18. g3 Rxd2 19. Rxd2 Rd8 20. Rxd8
Nxd8 21. Nd4 Kd6 22. Kd2 g6 23. Ke3 e5 24. fxe5+ Kxe5 25. c4 bxc4 26. Bxc4 f5
27. b4 g5 28. Nb3 f4+ 29. gxf4+ gxf4+ 30. Kf2 Nc6 31. Nc5 Kd4 32. Bxa6 Nxb4 33.
Nb3+ Ke5 34. Bxb7 Nxa2 35. Nc5 Nb4 36. Ne4 Nc2 37. Nc3 Nd4 38. Be4 Ne6 39. Bf3
Kf5 40. Ne4 Ng5 41. Nd2 Ne6 42. Be4+ Kg5 43. Bf3 1/2-1/2